000 01232nji a22003137a 4500
005 20100916113845.0
006 a|||||r|||||00| 0
007 sd ammalaaahaa
008 100830t xxu||||| |||| 00| 0 eng d
028 _a3AEX.5196
_bOdeon
035 _aGR-02527
040 _aSED
_cSED
100 _917455
_aMangeshkar, Lata
245 _aDar lage - Ram rajya /
_csung by Lata Mangeshkar; music by vasant Desai; lyric by Bharat Vyas
_h[sound recording] :
246 _aडर लागे - राम राज्य /
260 _aDum Dum, India
_bOdeon
_c1968
300 _a1 sound disc [Gramophone Recording]:
_banalog, 33 1/3 rpm
_c12.5 in. (LP)
_fGramophone Record
440 _aClassical songs from films - Vol.3
_920302
500 _aBrief Record
500 _aRecord labels : Odeon, Black
505 _aSide-2 एक ऋतू आए (Ek ritu aae) (Sau saal baad) (Lata Mangeshkar [and] Manna Dey)
600 _aMangeshkar, Lata
_919590
650 _aHindi Film Songs
_zIndia
_91186
_xExcerpts
650 _aClassical Songs
_920303
700 _aDesai, Vasant
_920292
700 _aVyas, Bharat
_920304
942 _2ddc
_cGR
999 _c46117
_d46117